01954nam a2200361Ia 4500001001200000003000800012006001900020007001500039008004100054010001700095020001500112020002800127040002100155035002100176050002600197082001700223100003400240245011900274260008200393300002300475504005100498505049600549533015201045600003001197600004201227650004701269650003901316651004601355655002901401710001701430856012601447999001901573ebr10135576CaPaEBRm u cr cn|||||||||040526s2005 enka sb 001 0beng d z 2004050853 z1403980993 z1403966265 (alk. paper) aCaPaEBRcCaPaEBR a(OCoLC)56046589814aPR4004.A2bZ78 2005eb04a821/.9142221 aMorton, Peter,d1946 Apr. 10-14aThe busiest man in Englandh[electronic resource] :bGrant Allen and the writing trade, 1875-1900 /cPeter Morton. aHoundmills, Basingstoke, Hampshire ;aNew York :bPalgrave Macmillan,cc2005. axv, 251 p. :bill. aIncludes bibliographical references and index.0 aIntroduction : "the most hateful of professions?" -- 1. Canada and Oxford (1848-1873) -- 2. Jamaica (1873-1876) -- 3. Setting out the stall (1876-1880) -- 4. "A pedlar crying stuff" : selling the wares (1880-1889) -- 5. The stock in trade : writing science -- 6. The stock in trade : light fiction -- 7. The prosperous tradesman (1890-1895) -- 8. Dealing with the "dissenting grocer" -- 9. Retailing The woman who did -- 10. Last orders (1896-1899) -- Conclusion : "we of the proletariat..." aElectronic reproduction.bPalo Alto, Calif. :cebrary,d2009.nAvailable via World Wide Web.nAccess may be limited to ebrary affiliated libraries.10aAllen, Grant,d1848-1899.10aAllen, Grant,d1848-1899xAuthorship. 0aAuthors, Englishy19th centuryvBiography. 0aAuthorshipxHistoryy19th century. 0aEnglandxIntellectual lifey19th century. 7aElectronic books.2local2 aebrary, Inc.40uhttp://site.ebrary.com/lib/rucke/Doc?id=10135576zAn electronic book accessible through the World Wide Web; click to view c189725d189725